Anayasa değişiklik yöntemleri (Kayıt no. 7558)

MARC ayrıntıları
000 -BAŞLIK
Sabit Uzunlukta Kontrol Alanı 01114na a2200301 4500
001 - KONTROL NUMARASI
Denetim Alanı 16263
003 - KONTROL NUMARASI IDENTIFIER
Denetim Alanı MIRAKIL
005 - SON İŞLEM TARİHİ VE ZAMANI
Denetim Alanı 20181213155143.0
008 - SABİT-BOY VERİ ELEMANLARI - GENEL BİLGİLER
Sabit Uzunlukta Kontrol Alanı 161003b tu 000 0
020 ## - ULUSLARARASI STANDART KİTAP NUMARASI
Uluslararası Standart Kitap Numarası 9789758805075
035 ## - SİSTEM KONTROL NUMARASI
Sistem Kontrol Numarası 16263
040 ## - KATALOGLAMA KAYNAK
Orijinal Kataloglama Ajansı Milas
Kataloglama Dili tur
Metne Dönüştürmek Ajansı TR-AnCHP
041 ## - DİL KODU
Metin / Ses Parça Veya Ayrı Başlığın Dil Kodu tur
Özet Veya Soyut Bir Dil Kodu eng
082 ## - DEWEY ONLU SINIFLANDIRMA NUMARASI
Sınıflandırma Numarası 342.035
Ürün Numarası A52 2010
090 ## - SINIFLAMA NUMARASI
Sınıflama Numarası 342.035 A52 2010
245 ## - BAŞLIK TABLOSU
Başlık Anayasa değişiklik yöntemleri
Başlığın Kalan Venedik Komisyonu raporu ve ülke incelemeleri
Sorumluluk Tablosu, Vb Yayına hazırlayanlar Ercan Durdular...[ve öte.]
246 ## - UNVAN FORM VARYING
Başlık Doğru / Kısa Başlığı Venedik Komisyonu raporu ve ülke incelemeleri
260 ## - YAYIN, DAĞITIM, VB
Yayın, Dağıtım, Vb Yeri Ankara
Yayıncı, Dağıtıcı, Vs Adı TBMM Araştırma Merkezi
Yayın, Dağıtım, Vb Tarihi 2010
300 ## - FİZİKSEL TANIM
Kapsam xiii, 100 s.
Diğer Fiziksel Ayrıntıları tbl.
Boyutlar 24 sm.
440 ## - SERİSİ TABLOSU / KATMA GİRİŞİ - BAŞLIK
Başlık TBMM
Bir İşin Parçası / Bölümün İsmi Kanunlar ve Kararlar Dairesi Başkanlığı
-- Araştırma Merkezi Müdürlüğü
500 ## - GENEL NOT
Genel Not Dizin var.
546 ## - DİL NOTU
Dil Notu Eserde İngilizce özet bulunmaktadır.
630 ## - KONU KATMA GİRİŞ - NAMED OLAY
Üniforma Başlık Venedik Komisyonu
Genel Alt Bölümü Anayasal değişiklikler
Kronolojik Alt Bölümü Raporlar
650 ## - KONU KATMA GİRİŞ - TOPİKAL DÖNEM
Topikal Süreli Veya Coğrafi Ad Giriş Elemanı Anayasa Hukuku
Genel Alt Bölümü Anayasal değişiklikler
Kronolojik Alt Bölümü Komisyon raporları
650 ## - KONU KATMA GİRİŞ - TOPİKAL DÖNEM
Topikal Süreli Veya Coğrafi Ad Giriş Elemanı Anayasa değişikliği
Genel Alt Bölümü Komisyon raporları
700 ## - KATMA GİRİŞ - KİŞİSEL İSİM
Kişisel Ad Durdular, Ercan
942 ## - EKLENDİ GİRİŞ ELEMANLARI (KOHA)
Sınıflandırma Veya Raf Düzeni Kaynak Dewey Decimal Classification
Koha Öğesi Türü Kitaplar
999 ## - SİSTEM KONTROL NUMARALARI (KOHA)
Koha Biblionumber 7558
Koha Biblioitemnumber 7558
Mevcut
Kalıcı Konum Mevcut Konum Edinme Tarihi Edinim Kaynak Toplam Check-Out'Lar Tam Çağrı Numarası Barkod Tarih Son Görülme İtibaren Geçerli Fiyatlar Koha Öğesi Türü
CHP Kütüphanesi CHP Kütüphanesi 10/02/2016 Bağış   342.035 A52 2010 005161 10/02/2016 10/02/2016 Kitaplar